| 000 | 00934nam a2200301 i 4500 | ||
|---|---|---|---|
| 999 |
_c200450895 _d69107 |
||
| 003 | TR-AnTOB | ||
| 005 | 20221215142301.0 | ||
| 007 | ta | ||
| 008 | 180903s2020 tu a j 01 $$$$0 tu u | ||
| 020 | _a9786050682724 | ||
| 040 |
_aTR-AnTOB _beng _erda _cTR-AnTOB |
||
| 041 | 0 | _atur | |
| 044 | _ctu | ||
| 050 | 1 | 4 |
_aPZ5 _b.G66319 2020 |
| 090 |
_aJUN PZ 5 _b.G66319 2020 |
||
| 240 | 0 | 0 |
_aGood habits, mouth big game. _fTurkish. |
| 245 | 0 | 0 |
_aGüzel alışkanlıklar: _bdiş fırçalama oyunu / _cKolektif ; çeviren Simge Delikanlı. |
| 250 | _a1. basım Haziran 2020 | ||
| 264 | 1 |
_aİstanbul : _bMatara Çocuk, _c2020. |
|
| 300 |
_a20 pages : _billustrations ; _c15x15 cm |
||
| 336 |
_atext _btxt _2rdacontent |
||
| 337 |
_aunmediated _bn _2rdamedia |
||
| 338 |
_avolume _bnc _2rdacarrier |
||
| 490 | 0 | _aGüzel Alışkanlıklar | |
| 700 | 1 |
_aDelikanlı, Simge _etranslator _9139722 |
|
| 942 |
_2lcc _cBK |
||